<?xml version="1.0" encoding="UTF-8"?>
<record
    xmlns:xsi="http://www.w3.org/2001/XMLSchema-instance"
    xsi:schemaLocation="http://www.loc.gov/MARC21/slim http://www.loc.gov/standards/marcxml/schema/MARC21slim.xsd"
    xmlns="http://www.loc.gov/MARC21/slim">

  <leader>01794nam a2200265Ia 4500</leader>
  <datafield tag="952" ind1=" " ind2=" ">
    <subfield code="0">0</subfield>
    <subfield code="1">0</subfield>
    <subfield code="4">0</subfield>
    <subfield code="7">0</subfield>
    <subfield code="a">04</subfield>
    <subfield code="b">04</subfield>
    <subfield code="d">2010-11-16</subfield>
    <subfield code="l">5</subfield>
    <subfield code="o">BD25  G88 2006</subfield>
    <subfield code="p">04 002826</subfield>
    <subfield code="r">2016-07-06</subfield>
    <subfield code="s">2016-07-06</subfield>
    <subfield code="t">1</subfield>
    <subfield code="w">2012-06-24</subfield>
    <subfield code="y">LB</subfield>
  </datafield>
  <datafield tag="952" ind1=" " ind2=" ">
    <subfield code="0">0</subfield>
    <subfield code="1">0</subfield>
    <subfield code="4">0</subfield>
    <subfield code="7">0</subfield>
    <subfield code="a">04</subfield>
    <subfield code="b">04</subfield>
    <subfield code="d">2011-02-04</subfield>
    <subfield code="l">1</subfield>
    <subfield code="o">BD25  G88 2006</subfield>
    <subfield code="p">04 002949</subfield>
    <subfield code="r">2014-06-23</subfield>
    <subfield code="s">2014-06-23</subfield>
    <subfield code="t">2</subfield>
    <subfield code="w">2012-06-24</subfield>
    <subfield code="y">LB</subfield>
  </datafield>
  <datafield tag="952" ind1=" " ind2=" ">
    <subfield code="0">0</subfield>
    <subfield code="1">0</subfield>
    <subfield code="4">0</subfield>
    <subfield code="7">0</subfield>
    <subfield code="a">04</subfield>
    <subfield code="b">04</subfield>
    <subfield code="d">2011-02-04</subfield>
    <subfield code="l">3</subfield>
    <subfield code="o">BD25  G88 2006</subfield>
    <subfield code="p">04 002950</subfield>
    <subfield code="r">2017-08-08</subfield>
    <subfield code="s">2017-08-08</subfield>
    <subfield code="t">3</subfield>
    <subfield code="w">2012-06-24</subfield>
    <subfield code="y">LB</subfield>
  </datafield>
  <datafield tag="952" ind1=" " ind2=" ">
    <subfield code="0">0</subfield>
    <subfield code="1">0</subfield>
    <subfield code="4">0</subfield>
    <subfield code="7">0</subfield>
    <subfield code="a">04</subfield>
    <subfield code="b">04</subfield>
    <subfield code="d">2011-02-04</subfield>
    <subfield code="l">6</subfield>
    <subfield code="o">BD25  G88 2006</subfield>
    <subfield code="p">04 002951</subfield>
    <subfield code="r">2019-04-30</subfield>
    <subfield code="s">2019-04-30</subfield>
    <subfield code="t">4</subfield>
    <subfield code="w">2012-06-24</subfield>
    <subfield code="y">LB</subfield>
  </datafield>
  <datafield tag="952" ind1=" " ind2=" ">
    <subfield code="0">0</subfield>
    <subfield code="1">0</subfield>
    <subfield code="4">0</subfield>
    <subfield code="7">0</subfield>
    <subfield code="a">04</subfield>
    <subfield code="b">04</subfield>
    <subfield code="d">2011-03-22</subfield>
    <subfield code="l">3</subfield>
    <subfield code="o">BD25  G88 2006</subfield>
    <subfield code="p">04 003141</subfield>
    <subfield code="r">2015-09-23</subfield>
    <subfield code="s">2015-01-28</subfield>
    <subfield code="t">5</subfield>
    <subfield code="w">2012-06-24</subfield>
    <subfield code="y">LB</subfield>
  </datafield>
  <datafield tag="999" ind1=" " ind2=" ">
    <subfield code="c">62625</subfield>
    <subfield code="d">62625</subfield>
  </datafield>
  <controlfield tag="008">120625s2006    mx            001 0 spa d</controlfield>
  <datafield tag="020" ind1=" " ind2=" ">
    <subfield code="a">9789707821514</subfield>
  </datafield>
  <datafield tag="050" ind1=" " ind2="4">
    <subfield code="a">BD25 </subfield>
    <subfield code="b">G88 2006</subfield>
  </datafield>
  <datafield tag="100" ind1="1" ind2=" ">
    <subfield code="a">Guti&#xE9;rrez S&#xE1;enz, Ra&#xFA;l</subfield>
    <subfield code="e"> , autor </subfield>
  </datafield>
  <datafield tag="245" ind1="1" ind2="0">
    <subfield code="a">Introducci&#xF3;n a la filosof&#xED;a </subfield>
    <subfield code="c"> / Ra&#xFA;l Guti&#xE9;rrez Sa&#xE9;nz </subfield>
  </datafield>
  <datafield tag="250" ind1=" " ind2=" ">
    <subfield code="a">15a. edici&#xF3;n </subfield>
  </datafield>
  <datafield tag="260" ind1=" " ind2=" ">
    <subfield code="a">M&#xE9;xico</subfield>
    <subfield code="b"> : Esfinge </subfield>
    <subfield code="c"> , 2006</subfield>
  </datafield>
  <datafield tag="300" ind1=" " ind2=" ">
    <subfield code="a">343 p&#xE1;ginas </subfield>
    <subfield code="c"> ; 22 cm. </subfield>
  </datafield>
  <datafield tag="500" ind1=" " ind2=" ">
    <subfield code="a">1a. edici&#xF3;n 1992</subfield>
  </datafield>
  <datafield tag="500" ind1=" " ind2=" ">
    <subfield code="a">Ejemplar 1 (04 002826) y 5 (04 003141) son 4a. reimpresi&#xF3;n 2010
Ejemplar 2 (04 002949) y 3 (04 002950) son 2a. reimpresi&#xF3;n 2008
Ejemplar 4 (04 002951) es 3a. reimpresi&#xF3;n 2009</subfield>
  </datafield>
  <datafield tag="504" ind1=" " ind2=" ">
    <subfield code="a">Bibliograf&#xED;a: pp.331-334</subfield>
  </datafield>
  <datafield tag="505" ind1="0" ind2=" ">
    <subfield code="a">Qu&#xE9; significa filosof&#xED;a 
Las principales cosmovisiones 
El conocimiento y el orden l&#xF3;gico 
La verdad y el problema cr&#xED;tico 
El conocimiento hol&#xED;stico 
Meditaci&#xF3;n profunda 
El ser humano 
Sentido comunitario e integraci&#xF3;n humana 
Desarrollo humano en funci&#xF3;n del amor 
Apostillas psicol&#xF3;gicas al tema del amor 
Estatuto cient&#xED;fico de la &#xE9;tica 
La libertad y sus limitaciones 
Valor moral 
Seis criterios de conducta 
El ser y sus coprincipios 
El problema del mal 
Esencia y existencia de dios 
Tendencia al absoluto </subfield>
  </datafield>
  <datafield tag="519" ind1=" " ind2=" ">
    <subfield code="a">Plan Flexible / </subfield>
    <subfield code="b">Administraci&#xF3;n / </subfield>
    <subfield code="c">&#xC9;tica en los Negocios (P08) / </subfield>
    <subfield code="d">(04 002826)</subfield>
  </datafield>
  <datafield tag="519" ind1=" " ind2=" ">
    <subfield code="a">Plan Flexible / </subfield>
    <subfield code="b">Contadur&#xED;a / </subfield>
    <subfield code="c">&#xC9;tica en los Negocios (P08) / </subfield>
    <subfield code="d">(04 003141)</subfield>
  </datafield>
  <datafield tag="519" ind1=" " ind2=" ">
    <subfield code="a">Plan Flexible / </subfield>
    <subfield code="b">Mercadotecnia / </subfield>
    <subfield code="c">&#xC9;tica en los Negocios (P08) / </subfield>
    <subfield code="d">(04 002949)</subfield>
  </datafield>
  <datafield tag="519" ind1=" " ind2=" ">
    <subfield code="a">Educaci&#xF3;n Mixta / </subfield>
    <subfield code="b">Contadur&#xED;a / </subfield>
    <subfield code="c">&#xC9;tica en los Negocios (P08-2) / </subfield>
    <subfield code="d">(04 002950)</subfield>
  </datafield>
  <datafield tag="519" ind1=" " ind2=" ">
    <subfield code="a">Educaci&#xF3;n Mixta / </subfield>
    <subfield code="b">Administraci&#xF3;n / </subfield>
    <subfield code="c">&#xC9;tica en los Negocios (P08-2) /</subfield>
    <subfield code="d">(04 002951)</subfield>
  </datafield>
  <datafield tag="650" ind1=" " ind2="4">
    <subfield code="a">FILOSOF&#xCD;A</subfield>
    <subfield code="x">ESTUDIO Y ENSE&#xD1;ANZA </subfield>
  </datafield>
  <datafield tag="942" ind1=" " ind2=" ">
    <subfield code="c">LB</subfield>
  </datafield>
</record>
